000
00307nam a22001337a 4500
008
170808b xxu||||| |||| 00| 0 eng d
020
_a
9780619216252
041
_a
eng
080
_a
004
100
_a
33
101
_a
SHKI
245
_a
PRINCIPLES OF INFORMATION SECURITY
_c
WHITMAN, M,E
942
_2
udc
_c
BK
999
_c
22859
_d
22859